000 00723nam a2200181Ia 4500
008 090630s9999 xx 000 0 und d
082 _b11215
100 _aरघुवंशी रमेश.
245 _aडॉ. आंबेडकरांची गाजलेली भाषणे.
_cरघुवंशी रमेश.
260 _bरघुवंशी.
300 _a146
600 _aरघुवंशी रमेश.
630 _aडॉ. आंबेडकरांची गाजलेली भाषणे.
655 _aइतर.
700 _aरघुवंशी रमेश.
730 _aडॉ. आंबेडकरांची गाजलेली भाषणे.
942 _cBOOK
999 _c263071
_d263071